| 000 | 02145nam a2200565 c 4500 | ||
|---|---|---|---|
| 001 | 53075 | ||
| 003 | ES-MaCES | ||
| 005 | 20251115040005.0 | ||
| 008 | 240220s2023 sp | 000 | spa d | ||
| 017 |
_aGR 1046-2023 _bDL |
||
| 020 | _a 9788413695891 | ||
| 040 |
_aES-MaCES _bspa _cES-MaCES |
||
| 245 | 0 | 4 |
_aLos sistemas de protección social ante la incidencia de la disrupción digital _cdirs., Monereo Pérez, J.L., Maldonado Molina, J.A. ; coords., Vida Fernández, R., Muros Polo, A. |
| 260 |
_aGranada _bComares _c2023 |
||
| 300 |
_a537 p. _c24 cm |
||
| 490 | 1 | _aBiblioteca Comares de ciencia jurídica | |
| 490 | 1 |
_aColección Trabajo y Seguridad Social _v148 |
|
| 504 | _aBibliografía | ||
| 541 | _cCompra | ||
| 650 | 4 |
_aprotección social _929076 |
|
| 650 | 4 |
_aseguridad social _927034 |
|
| 650 | 4 |
_acambio tecnológico _928236 |
|
| 650 | 4 |
_anuevas tecnologías _930788 |
|
| 650 | 4 |
_aevaluación del impacto _930732 |
|
| 650 | 4 |
_aeconomía colaborativa _937923 |
|
| 650 | 4 |
_aempleo precario _930171 |
|
| 650 | 4 |
_aderechos de los trabajadores _929924 |
|
| 650 | 4 |
_aadministración de la seguridad social _930264 |
|
| 650 | 4 |
_arobot industrial _929509 |
|
| 650 | 4 |
_ainteligencia artificial _930166 |
|
| 650 | 4 |
_aprestaciones de invalidez _927036 |
|
| 650 | 4 |
_arégimen de pensión _927042 |
|
| 650 | 4 |
_aenvejecimiento de la población _930614 |
|
| 650 | 4 |
_acambio social _927286 |
|
| 650 | 4 |
_aingreso garantizado _929342 |
|
| 650 | 4 |
_aasistencia médica _930272 |
|
| 650 | 4 |
_agestión de los sistemas de asistencia sanitaria _930670 |
|
| 650 | 4 |
_areforma de la seguridad social _930668 |
|
| 650 | 4 |
_aEspaña _926964 |
|
| 650 | 4 |
_ainvestigación interdisciplinaria _928841 |
|
| 653 | 1 | 0 | _aSeguridad Social |
| 700 | 1 |
_918830 _aMonereo Pérez, José Luis _edir. |
|
| 700 | 1 |
_917336 _aMaldonado Molina, Juan Antonio _edir. |
|
| 700 | 1 |
_939427 _aVida Fernández, Raquel _ecol. |
|
| 700 | 1 |
_940942 _aMuros Polo, Alejandro |
|
| 830 | 0 |
_aBiblioteca Comares de ciencia jurídica _932174 |
|
| 830 | 0 |
_aColección Trabajo y Seguridad Social _v148 _933762 |
|
| 902 | _aLIB Libro | ||
| 942 |
_2CES _cBK _h3.0. |
||
| 999 |
_c53075 _d53075 |
||